| 000 | nam a22 7a 4500 | ||
|---|---|---|---|
| 999 |
_c3821 _d3821 |
||
| 005 | 20170524091712.0 | ||
| 008 | 170524b1985 ny ||||| |||| 00| 0 eng d | ||
| 020 | _a0312697287 | ||
| 040 | _aAKMAL | ||
| 082 | _a808.042 AXE | ||
| 090 |
_a808.042 _bAXE |
||
| 100 | 1 |
_aAxelrod, Rise B. _97555 |
|
| 245 | 1 | 4 |
_aThe St. Martin's guide to writing / _cRise B. Axelrod, Charles R. Cooper. |
| 260 |
_aNew York : _bSt. Martin's Press, _cc1985 |
||
| 300 |
_a xxiv, 687 p. : _b ill. ; _c24 cm |
||
| 500 | _aIncludes indexes. | ||
| 599 | _aDALAM PROSES | ||
| 650 | 0 |
_aEnglish language _vHandbooks, manuals, etc. _xRhetoric _97556 |
|
| 650 | 0 |
_aEnglish language _vHandbooks, manuals, etc. _xGrammar _97512 |
|
| 650 | 0 |
_aReport writing _vHandbooks, manuals, etc. _94837 |
|
| 700 | 1 |
_aCooper, Charles Raymond, _d1934- _97557 |
|
| 942 |
_2ddc _cBOOK |
||